000 01152nam a2200301Ia 4500
003 OSt
005 20221005110607.0
006 a|||||r|||| 00| 0
007 ta
008 221004b |||||||| |||| 00| 0 hin d
020 _a9788126316151 (hbk)
_cINR 150.00
024 _a37977
037 _bBW/1688, 15/03/2018, Bookwell
_cTextual
040 _aCRL
_cCRL
_bhin
041 _2hin
_ahin
082 _aO152,6N22x, P8
100 _aदुबे, श्यामचरण, ले.
245 0 _aपरम्परा और परिवर्तन
246 _aParamparā aur parivartana
250 _aसंस्करण 3
260 _aनई दिल्ली
_bभारतीय ज्ञानपीठ भारत
_c2008
300 _a168पृ0
_ccm.
490 _aलोकोदय ग्रन्थमाला; ग्रन्थांक 664
650 _a हिन्दी साहित्य
650 _aहिन्दी निबंध
942 _hO152,6N22x, P8
_cTEXL
_2cc
999 _c1019306
_d1019306